The Atlantic monthly

Đã lưu trong:
書目詳細資料
格式: 圖書
語言:Undetermined
出版: Boston, MA Atlantic Monthly Co. 2019
主題:
標簽: 添加標簽
沒有標簽, 成為第一個標記此記錄!
Thư viện lưu trữ: Trung tâm Học liệu Trường Đại học Cần Thơ
LEADER 00407nam a2200145Ia 4500
001 CTU_234338
008 210402s9999 xx 000 0 und d
082 |a 300 
082 |b A881 
245 4 |a The Atlantic monthly 
260 |a Boston, MA 
260 |b Atlantic Monthly Co. 
260 |c 2019 
650 |a Political science,Khoa học chính trị 
980 |a Trung tâm Học liệu Trường Đại học Cần Thơ